000 00606nam a2200229Ia 4500
003 OSt
005 20220918202052.0
006 a|||||r|||| 00| 0
007 ta
008 220917b |||||||| |||| 00| 0 eng d
024 _a98,526
037 _cTextual
040 _aARTS
_cARTS
_beng
041 _2eng
_aeng
082 _aV2:51.M57, M0
245 0 _aGuitly men of 1857
_b Failure of England's great mission in India
260 _aNew Delhi
_bAcademic Books
_c1980
300 _a72p.
_ccm.
650 _aHISTORY
942 _hV2:51.M57, M0
_cTEXL
_2CC
999 _c222117
_d222117